书目信息 |
| 题名: |
电视机原理调试与维修
|
|
| 作者: | 沈鑫璋 主编 | |
| 分册: | ||
| 出版信息: | 天津 天津科学技术出版社 1982 |
|
| 页数: | 429页 | |
| 开本: | 25cm | |
| 丛书名: | ||
| 单 册: | ||
| 中图分类: | TN949.7 | |
| 科图分类: | ||
| 主题词: | 电视接收机--维修 | |
| 电子资源: | ||
| ISBN: | ||
| 000 | 00693nam0 2200241 45 | |
| 001 | 0182006527 | |
| 005 | 20060720174047.56 | |
| 010 | @dCNY2.28 | |
| 091 | @a15212.71 | |
| 100 | @a19950614d1982 em y0chiy0121 ea | |
| 101 | 0 | @achi |
| 102 | @aCN@b120000 | |
| 105 | @ay z 000yy | |
| 200 | 10 | @a电视机原理调试与维修@Adian shi ji yuan li tiao shi yu wei xiu@f沈鑫璋主编@Fshen xin zhang zhu bian |
| 210 | @a天津@c天津科学技术出版社@d1982 | |
| 215 | @a429页@d25cm | |
| 300 | @a全国电子类技工学校试用教材 | |
| 606 | @a电视接收机@x维修 | |
| 690 | @aTN949.7@v3 | |
| 701 | 0 | @a沈鑫璋@Ashen xin zhang@4主编 |
| 801 | 2 | @aCN@bNLC@c20060720 |
| 801 | 0 | @aCN@bTSSF |
| 905 | @a10447@dTN949.7@e199 | |
| 电视机原理调试与维修/沈鑫璋主编.-天津:天津科学技术出版社,1982 |
| 429页;25cm |
| 全国电子类技工学校试用教材 |
| ISBN :CNY2.28 |
| ● |
| 相关链接 |
|
|
|
|
正题名:电视机原理调试与维修
索取号:TN949.7/199
 
预约/预借
| 序号 | 登录号 | 条形码 | 馆藏地/架位号 | 状态 | 备注 |
| 1 | 0437309 | 204373098 | 密集书库/ [索取号:TN949.7/199] | 在馆 |